| 000 | 02151nim a2200409 i 4500 | ||
|---|---|---|---|
| 001 | 197341 | ||
| 003 | ES-MaACL | ||
| 005 | 20250828062628.0 | ||
| 007 | ss lsnjlcipnne | ||
| 008 | 200525s1991 sp nnnn |||| 00| spa d | ||
| 040 |
_bspa _cES-MaACL |
||
| 245 | 0 | 0 |
_aPresentación del libro "La intervención extranjera en la guerra civil española" de Francisco Olaya _h[Grabación sonora] / _cintervienen Antonio López Campillo, David M. Rivas y José Luis Velasco, con la presencia del autor |
| 260 |
_aMadrid : _bAteneo de Madrid, _c1991 |
||
| 300 |
_a1 casete (ca. 90 min) : _bson. ; _c11 cm |
||
| 490 | 1 | _3Actos culturales en el Ateneo de Madrid | |
| 511 | _aIntervienen Antonio López Campillo, doctor en Ciencias Físicas e investigador científico; David M. Rivas, profesor de Estructura Económica y secretario del Ateneo; y José Luis Velasco, economista y Editorial Madre Tierra. Contará con la asistencia del autor. | ||
| 518 | _aGrabado el 28 de mayo de 1991 en el Salón de Actos del Ateneo de Madrid. | ||
| 520 | _aPresentación del libro "La intervención extranjera en la guerra civil española" de Francisco Olaya, acto en colaboración con Editorial Madre Tierra. | ||
| 540 | _aDocumento inédito | ||
| 594 | _5Datos basados en la invitación. | ||
| 600 |
_aOlaya, Francisco. _tLa intervención extranjera en la guerra civil española _9240593 |
||
| 610 | 2 | 0 |
_aAteneo de Madrid- _xActos culturales- _y1991- _vGrabaciones sonoras _9240452 |
| 650 | 0 |
_9237953 _aGuerra civil- _xHistoria- _y1936-1939 _zEspaña- |
|
| 653 | _aArchivo de la palabra | ||
| 700 | 1 |
_973484 _aLópez Campillo, Antonio _eora |
|
| 700 | 1 |
_997554 _aRivas, David M. _eora |
|
| 700 | 1 |
_9113728 _aVelasco, José Luis _eora |
|
| 700 | 1 |
_986678 _aOlaya Morales, Francisco _eora |
|
| 710 | 2 |
_91875 _aAteneo de Madrid _ehis |
|
| 710 | 2 |
_aEditorial Madre Tierra _esht _9240594 |
|
| 830 | 0 |
_aActos culturales en el Ateneo de Madrid _9240237 |
|
| 852 |
_aES-MaACL _cDEPOZ _9285649 _pCinta 1 |
||
| 852 |
_aES-MaACL _cDEPOZ _9285650 _pCinta 2 |
||
| 942 |
_2udc _n0 _cCINTASAUD |
||
| 999 |
_c197341 _d197341 |
||